000
00333nam a2200133Ia 4500
008
150731s2008 xx 000 0 und d
082
_a
611
_b
C 08 R
100
_a
ROMANES, G.J.
245
_a
CUNNINGHAM'S MANUAL OF PRACTICAL ANATOMY15
250
_a
15 TH
260
_b
OXFORD PUB. INDIA
_c
2008
300
_a
263
942
_2
ddc
_c
BK
_0
43
999
_c
7975
_d
7975